[Event "32nd ECC Open 2016"]
[Site "Novi Sad SRB"]
[Date "2016.11.06"]
[Round "1.12"]
[Board "5"]
[White "Mikhalevski, Victor"]
[Black "Jakobsen, Peter"]
[Result "1-0"]
[WhiteTitle "GM"]
[BlackTitle "FM"]
[WhiteElo "2508"]
[BlackElo "2201"]
[WhiteTeam "Beer Sheva Chess Club"]
[BlackTeam "Skakklubben Nordkalotten"]
[WhiteFideId "2801914"]
[BlackFideId "1401440"]
[EventDate "2016.11.06"]

1. Nf3 Nf6 2. g3 d5 3. Bg2 c6 4. O-O Bg4 5. d3 Nbd7 6. h3 Bh5 7. c4 e6 8. cxd5
exd5 9. e4 dxe4 10. dxe4 Be7 11. Nc3 Nc5 12. Be3 Qxd1 13. Raxd1 O-O 14. g4 Bg6
15. Ne5 Rfe8 16. Nxg6 hxg6 17. e5 Nh7 18. f4 Rad8 19. b4 Rd3 20. Nd5 cxd5 21.
Bxc5 Bxc5+ 22. bxc5 Rc3 23. Rc1 Rxc1 24. Rxc1 g5 25. Bxd5 gxf4 26. Bxb7 Re7 27.
Bd5 Rc7 28. c6 Nf8 29. Rb1 Ne6 30. Rb8+ Kh7 31. Rb7 Rc8 32. Rxf7 Nd4 33. c7 Nb5
34. a4 1-0

[Event "32nd ECC Open 2016"]
[Site "Novi Sad SRB"]
[Date "2016.11.06"]
[Round "1.12"]
[Board "6"]
[White "Noer, Martin Stampe"]
[Black "Sidorenko, Ilya"]
[Result "0-1"]
[BlackTitle "IM"]
[WhiteElo "1899"]
[BlackElo "2413"]
[WhiteTeam "Skakklubben Nordkalotten"]
[BlackTeam "Beer Sheva Chess Club"]
[WhiteFideId "1412221"]
[BlackFideId "2807769"]
[EventDate "2016.11.06"]

1. d4 Nf6 2. Bf4 g6 3. e3 Bg7 4. Nf3 O-O 5. Be2 d6 6. h3 Nfd7 7. c3 e5 8. dxe5
dxe5 9. Bg5 f6 10. Bh4 g5 11. Bg3 Nc6 12. O-O Nc5 13. Qc2 f5 14. Rd1 Qe7 15.
Bc4+ Kh8 16. Na3 Bd7 17. Bd5 e4 18. Ne1 f4 19. Bh2 Rf5 20. Nb5 fxe3 21. f3 exf3
22. Bxf3 Ne5 23. Nd4 Rf7 24. Bd5 Rf2 25. Qc1 Raf8 26. Nef3 Ned3 27. Rxd3 Nxd3
28. Qd1 Nxb2 29. Qb1 c5 30. Nc2 Bxc3 0-1

[Event "32nd ECC Open 2016"]
[Site "Novi Sad SRB"]
[Date "2016.11.06"]
[Round "1.13"]
[Board "1"]
[White "Heinzel, Olaf"]
[Black "Predojevic, Borki"]
[Result "0-1"]
[WhiteTitle "IM"]
[BlackTitle "GM"]
[WhiteElo "2358"]
[BlackElo "2636"]
[WhiteTeam "Gambit Bonnevoie"]
[BlackTeam "Vaalerenga Chess Club"]
[WhiteFideId "4626664"]
[BlackFideId "930849"]
[EventDate "2016.11.06"]

1. d4 d6 2. Bf4 g6 3. e3 Bg7 4. Be2 Nf6 5. Nc3 a6 6. h4 h6 7. Qd2 Nc6 8. O-O-O
b5 9. Bf3 Bd7 10. e4 e5 11. dxe5 Nxe5 12. Bxe5 dxe5 13. Nd5 Nxd5 14. Qxd5 c6 15.
Qd6 Qe7 16. Qc7 h5 17. Ne2 Rc8 18. Qb7 Be6 19. Qxe7+ Kxe7 20. b3 Rhd8 21. c3 Bf8
22. Rxd8 Kxd8 23. Kc2 Bd6 24. Nc1 c5 25. Nd3 c4 26. Nb2 cxb3+ 27. axb3 Bc5 28.
Rd1+ Ke7 29. Rd2 a5 30. Nd1 a4 31. bxa4 bxa4 32. Ne3 Bxe3 33. fxe3 Rb8 0-1

[Event "32nd ECC Open 2016"]
[Site "Novi Sad SRB"]
[Date "2016.11.06"]
[Round "1.13"]
[Board "2"]
[White "Romanov, Evgeny"]
[Black "Rusev, Rosen Yordanov"]
[Result "1-0"]
[WhiteTitle "GM"]
[BlackTitle "FM"]
[WhiteElo "2633"]
[BlackElo "2364"]
[WhiteTeam "Vaalerenga Chess Club"]
[BlackTeam "Gambit Bonnevoie"]
[WhiteFideId "4148843"]
[BlackFideId "2904187"]
[EventDate "2016.11.06"]

1. d4 d5 2. Nf3 Nf6 3. Bf4 c5 4. e3 Nc6 5. Nbd2 cxd4 6. exd4 Bf5 7. c3 e6 8. Qb3
Qc8 9. Nh4 Be4 10. Nxe4 dxe4 11. g3 Nd5 12. Bd2 Be7 13. Ng2 O-O 14. Be2 Qd7 15.
Rd1 Rad8 16. Bc1 g5 17. f3 exf3 18. Bxf3 f5 19. O-O Na5 20. Qc2 Nc4 21. Qe2 Nd6
22. Rfe1 Nc7 23. d5 g4 24. Bxg4 fxg4 25. Qxg4+ Kh8 26. Bh6 Nf5 27. Bxf8 Rxf8 28.
dxe6 Bc5+ 29. Kh1 Qc6 30. Qe4 Nxg3+ 31. hxg3 Rf1+ 32. Rxf1 Qxe4 33. Rd8+ Kg7 34.
Rd7+ Kg8 35. Rxc7 Bd6 36. Re1 Qd5 37. e7 Qh5+ 38. Kg1 Bc5+ 39. Rxc5 Qxc5+ 40.
Re3 1-0

[Event "32nd ECC Open 2016"]
[Site "Novi Sad SRB"]
[Date "2016.11.06"]
[Round "1.13"]
[Board "3"]
[White "Dishman, Stephen"]
[Black "Bosiocic, Marin"]
[Result "0-1"]
[BlackTitle "GM"]
[WhiteElo "2330"]
[BlackElo "2586"]
[WhiteTeam "Gambit Bonnevoie"]
[BlackTeam "Vaalerenga Chess Club"]
[WhiteFideId "403024"]
[BlackFideId "14507927"]
[EventDate "2016.11.06"]

1. d4 Nf6 2. Bg5 e6 3. Nd2 c5 4. e3 b6 5. Ngf3 Bb7 6. Bd3 Be7 7. c3 O-O 8. O-O
Nc6 9. a3 cxd4 10. cxd4 Nd5 11. Bxe7 Qxe7 12. Bc4 Na5 13. Bd3 f5 14. Rc1 g5 15.
b4 Nc6 16. Nc4 d6 17. b5 Nd8 18. Re1 g4 19. Nfd2 Nf7 20. f3 gxf3 21. Nxf3 Kh8
22. Qd2 Nf6 23. Qf2 Rg8 24. Ncd2 Ng5 25. Nxg5 Rxg5 26. g3 Rag8 27. Nf1 Qg7 28.
Qf4 Qf8 29. Qf2 Ng4 30. Qb2 Qg7 31. Rc2 Nxh2 32. Nxh2 Rxg3+ 33. Kf1 Qh6 34. Rf2
Qh5 35. d5+ e5 0-1

[Event "32nd ECC Open 2016"]
[Site "Novi Sad SRB"]
[Date "2016.11.06"]
[Round "1.13"]
[Board "4"]
[White "Holm, Kristian Stuvik"]
[Black "Filipovic, Slobodan J"]
[Result "1-0"]
[WhiteTitle "IM"]
[WhiteElo "2420"]
[BlackElo "2263"]
[WhiteTeam "Vaalerenga Chess Club"]
[BlackTeam "Gambit Bonnevoie"]
[WhiteFideId "1508083"]
[BlackFideId "939633"]
[EventDate "2016.11.06"]

1. d4 Nf6 2. c4 g6 3. g3 c6 4. Bg2 d5 5. e3 Bg7 6. Ne2 O-O 7. O-O b6 8. b3 Ba6
9. Nd2 Nbd7 10. Bb2 Rc8 11. a4 e5 12. a5 b5 13. dxe5 Ng4 14. cxd5 cxd5 15. b4
Ndxe5 16. Nf4 Bb7 17. a6 Ba8 18. Bd4 Rc7 19. Qe2 Qd7 20. Bh3 f5 21. Nb3 Rc4 22.
Bg2 Re8 23. Nc5 Qf7 24. Nb7 Nf6 25. Nd6 Qd7 26. Nxe8 Nxe8 27. Rad1 Nc7 28. Qa2
Nc6 29. Bc5 Nb8 30. Bxa7 Nbxa6 31. Bb6 Nxb4 32. Qa7 Qc8 33. Bxc7 Rxc7 34. Qa5
Bc3 35. Qxb5 Rc5 36. Qb6 Rc6 37. Nxd5 Kf8 38. Qa7 Nxd5 39. Bxd5 Bb7 40. Rb1 1-0

[Event "32nd ECC Open 2016"]
[Site "Novi Sad SRB"]
[Date "2016.11.06"]
[Round "1.13"]
[Board "5"]
[White "Upton, Timothy J"]
[Black "Christiansen, Johan-Sebastian"]
[Result "0-1"]
[WhiteTitle "FM"]
[BlackTitle "IM"]
[WhiteElo "2142"]
[BlackElo "2425"]
[WhiteTeam "Gambit Bonnevoie"]
[BlackTeam "Vaalerenga Chess Club"]
[WhiteFideId "2400260"]
[BlackFideId "1512668"]
[EventDate "2016.11.06"]

1. e4 e5 2. Nf3 Nc6 3. c3 d5 4. Qa4 f6 5. Bb5 Ne7 6. exd5 Qxd5 7. O-O e4 8. Ne1
a6 9. Na3 Bd7 10. d3 exd3 11. Nxd3 O-O-O 12. Nf4 Qe5 13. Bxa6 bxa6 14. Qxa6+ Kb8
15. Nb5 Bc8 16. Qa4 g5 17. Be3 Nf5 18. Na7 Bb7 19. Nd3 Qd5 20. Rad1 Ncd4 21. Ne1
Ne2+ 0-1

[Event "32nd ECC Open 2016"]
[Site "Novi Sad SRB"]
[Date "2016.11.06"]
[Round "1.13"]
[Board "6"]
[White "Svendsen, Bertil"]
[Black "Stern, Geoffrey"]
[Result "1-0"]
[WhiteElo "2229"]
[BlackElo "1921"]
[WhiteTeam "Vaalerenga Chess Club"]
[BlackTeam "Gambit Bonnevoie"]
[WhiteFideId "1502808"]
[BlackFideId "4002679"]
[EventDate "2016.11.06"]

1. d4 e6 2. c4 d5 3. Nf3 Nf6 4. g3 dxc4 5. Qa4+ Nbd7 6. Qxc4 b6 7. Bg2 Bb7 8.
O-O c5 9. Rd1 Rc8 10. Nc3 cxd4 11. Qxd4 Bc5 12. Qa4 Bc6 13. Qh4 Qe7 14. e4 h6
15. e5 Nd5 16. Bg5 Qf8 17. Bd2 Qe7 18. Qg4 Nxc3 19. Bxc3 O-O 20. Nd2 Bxg2 21.
Kxg2 Qg5 22. Qxg5 hxg5 23. Ne4 Rfd8 24. Nxg5 Kf8 25. Ne4 b5 26. Nxc5 Nxc5 27.
Rxd8+ Rxd8 28. Bb4 1-0

[Event "32nd ECC Open 2016"]
[Site "Novi Sad SRB"]
[Date "2016.11.06"]
[Round "1.14"]
[Board "1"]
[White "Sethuraman, S.P."]
[Black "Kharchenko, Boris"]
[Result "1-0"]
[WhiteTitle "GM"]
[BlackTitle "GM"]
[WhiteElo "2649"]
[BlackElo "2450"]
[WhiteTeam "Itaka"]
[BlackTeam "LugPokerChess"]
[WhiteFideId "5021596"]
[BlackFideId "14113210"]
[EventDate "2016.11.06"]

1. d4 d5 2. c4 c6 3. Nf3 Nf6 4. e3 Bf5 5. Nc3 e6 6. Nh4 Be4 7. f3 Bg6 8. Qb3 Qc7
9. Bd2 Nbd7 10. cxd5 exd5 11. e4 dxe4 12. Nxg6 hxg6 13. fxe4 Nb6 14. e5 Nfd5 15.
Be2 Rh4 16. g4 Be7 17. a4 a5 18. Ne4 Nd7 19. Qg3 Rh8 20. O-O f6 21. Nd6+ Bxd6
22. exd6 Qb6 23. Bc3 O-O-O 24. Bf3 Ne5 25. Be4 Nc4 26. Bxg6 Nxd6 27. Rfe1 Rh6
28. Bd3 g5 29. Bf1 Nf4 30. b4 axb4 31. a5 Qa7 32. a6 b5 33. Bxb4 Qxd4+ 34. Qe3
Qxe3+ 35. Rxe3 Nd5 36. Rea3 Kd7 37. Bc5 Ra8 38. Bg2 Nc4 39. Rd3 Ne5 40. Rxd5+
cxd5 41. Bxd5 Rhh8 42. a7 Rhc8 43. Ra6 Rc6 44. Bxc6+ Nxc6 45. Kf2 b4 46. Ke3 Kc7
47. h3 Kb7 48. Rb6+ Kc7 49. Ke4 Re8+ 50. Kf5 Re5+ 51. Kxf6 Rxc5 52. a8=Q Kxb6
53. Qa2 Nd4 54. Qd2 Nc2 55. Qd3 Kb7 56. h4 gxh4 57. g5 Rc6+ 58. Ke5 Na3 59. g6
Nc4+ 60. Kf4 Rc7 61. Qd5+ Kb6 62. g7 1-0

[Event "32nd ECC Open 2016"]
[Site "Novi Sad SRB"]
[Date "2016.11.06"]
[Round "1.14"]
[Board "2"]
[White "Shagbazyan, Taron"]
[Black "Indjic, Aleksandar"]
[Result "0-1"]
[WhiteTitle "FM"]
[BlackTitle "GM"]
[WhiteElo "2423"]
[BlackElo "2573"]
[WhiteTeam "LugPokerChess"]
[BlackTeam "Itaka"]
[WhiteFideId "14122073"]
[BlackFideId "911925"]
[EventDate "2016.11.06"]

1. e4 c5 2. Nf3 d6 3. Bb5+ Nd7 4. d4 cxd4 5. Qxd4 e5 6. Qd3 a6 7. Bxd7+ Bxd7 8.
O-O h6 9. c4 b5 10. Nfd2 Nf6 11. Nc3 Qb8 12. a4 bxa4 13. Nxa4 Be7 14. b3 O-O 15.
Nc3 Rc8 16. Ba3 a5 17. Rfb1 Qb6 18. Nf1 Qd4 19. Qxd4 exd4 20. Na2 a4 21. Nd2
axb3 22. Nc1 d5 23. Bxe7 Rxa1 24. Rxa1 b2 25. Rb1 dxc4 26. Ba3 bxc1=Q+ 27. Rxc1
c3 28. Nf3 d3 29. Bb4 Nxe4 0-1

[Event "32nd ECC Open 2016"]
[Site "Novi Sad SRB"]
[Date "2016.11.06"]
[Round "1.14"]
[Board "3"]
[White "Vuckovic, Bojan"]
[Black "Kostromin, Mikhail"]
[Result "1-0"]
[WhiteTitle "GM"]
[BlackTitle "IM"]
[WhiteElo "2584"]
[BlackElo "2306"]
[WhiteTeam "Itaka"]
[BlackTeam "LugPokerChess"]
[WhiteFideId "922277"]
[BlackFideId "2807807"]
[EventDate "2016.11.06"]

1. e4 c5 2. Nf3 d6 3. d4 cxd4 4. Nxd4 Nf6 5. Nc3 a6 6. h3 e5 7. Nde2 Be6 8. g4
d5 9. exd5 Nxd5 10. Bg2 Bb4 11. O-O Bxc3 12. Nxc3 Nxc3 13. Qxd8+ Kxd8 14. bxc3
Nc6 15. Be3 Kc7 16. Rfb1 b5 17. a4 Bc4 18. a5 Rac8 19. Rd1 Be6 20. f4 exf4 21.
Bxf4+ Kb7 22. c4 b4 23. Rab1 Ka7 24. Rd6 1-0

[Event "32nd ECC Open 2016"]
[Site "Novi Sad SRB"]
[Date "2016.11.06"]
[Round "1.14"]
[Board "4"]
[White "Palkovich, Denis"]
[Black "Szuhanek, Ranko"]
[Result "0-1"]
[WhiteTitle "FM"]
[BlackTitle "IM"]
[WhiteElo "2118"]
[BlackElo "2496"]
[WhiteTeam "LugPokerChess"]
[BlackTeam "Itaka"]
[WhiteFideId "14113260"]
[BlackFideId "1202600"]
[EventDate "2016.11.06"]

1. d4 d5 2. Bf4 Nf6 3. e3 c6 4. Nf3 Bf5 5. c4 Qb6 6. Qb3 Nbd7 7. Nc3 e6 8. c5
Qxb3 9. axb3 Nh5 10. b4 Nxf4 11. exf4 Be7 12. b5 O-O 13. Be2 h6 14. O-O g5 15.
fxg5 hxg5 16. bxc6 bxc6 17. Ra6 g4 18. Nd2 Rfb8 19. h3 Rxb2 20. hxg4 Bxg4 21.
Bxg4 Rxd2 22. Rxc6 Rxd4 23. Rc7 Rxg4 24. c6 Ne5 25. Rxe7 Nf3+ 0-1

[Event "32nd ECC Open 2016"]
[Site "Novi Sad SRB"]
[Date "2016.11.06"]
[Round "1.14"]
[Board "5"]
[White "Nenezic, Marko"]
[Black "Maratkanov, Evgeny"]
[Result "1-0"]
[WhiteTitle "IM"]
[WhiteElo "2479"]
[BlackElo "2141"]
[WhiteTeam "Itaka"]
[BlackTeam "LugPokerChess"]
[WhiteFideId "912123"]
[BlackFideId "14106205"]
[EventDate "2016.11.06"]

1. Nf3 d5 2. g3 Nf6 3. Bg2 Bf5 4. O-O e6 5. d3 Be7 6. Nh4 Bg4 7. h3 Bh5 8. g4
Bg6 9. f4 c5 10. c4 Nc6 11. g5 Nh5 12. cxd5 exd5 13. f5 Bxg5 14. fxg6 hxg6 15.
Nf3 Bf6 16. Nc3 Ng3 17. Re1 d4 18. Na4 b6 19. e4 dxe3 20. Rxe3+ Kf8 21. Nc3 Qd7
22. Re1 Rd8 23. Bf4 Nf5 24. Qa4 Nfd4 25. Nxd4 Bxd4+ 26. Be3 Bxe3+ 27. Rxe3 Qd4
28. Re1 Qxa4 29. Nxa4 Nb4 30. Re7 Nxd3 31. R1e4 f5 32. Re3 f4 33. R3e4 f3 34.
Bxf3 Rxh3 35. Kg2 Rh6 36. Rxa7 g5 37. Kg3 Nf4 38. Ree7 Rh3+ 39. Kg4 Rd3 40. Rf7+
Kg8 41. Rxg7+ Kh8 42. Rgd7 1-0

[Event "32nd ECC Open 2016"]
[Site "Novi Sad SRB"]
[Date "2016.11.06"]
[Round "1.14"]
[Board "6"]
[White "Shvyriaev, Artem"]
[Black "Damjanovic, Vuk"]
[Result "1-0"]
[WhiteElo "2116"]
[BlackElo "1461"]
[WhiteTeam "LugPokerChess"]
[BlackTeam "Itaka"]
[WhiteFideId "14118181"]
[BlackFideId "980021"]
[EventDate "2016.11.06"]

1. e4 c6 2. d3 d5 3. Nd2 e5 4. Ngf3 Bd6 5. g3 Nf6 6. Bg2 O-O 7. O-O dxe4 8. dxe4
Bg4 9. Qe2 Bxf3 10. Nxf3 Nbd7 11. Rd1 Qc7 12. Bg5 h6 13. Bxf6 Nxf6 14. Nh4 Rfd8
15. Nf5 Bf8 16. c3 g6 17. Ne3 Bc5 18. Ng4 Nxg4 19. Qxg4 Qb6 20. Qe2 Rxd1+ 21.
Rxd1 Rd8 22. Rxd8+ Qxd8 23. b4 Bb6 24. c4 Qd4 25. c5 Bc7 26. a3 h5 27. Bf1 Bd8
28. Qc2 b5 29. cxb6 Bxb6 30. Bc4 Kf8 31. Qa2 f6 32. Qc2 Ke7 33. a4 Qd6 34. a5
Bd4 35. Qb3 f5 36. exf5 gxf5 37. Be2 Qg6 38. b5 cxb5 39. Qxb5 Qg5 40. Qb7+ Kf6
41. Qh7 Qc1+ 42. Kg2 Qe1 43. Bxh5 Qxf2+ 44. Kh3 e4 45. Qf7+ Ke5 46. Qe7+ Kd5 47.
Bf7+ Kc6 48. Be8+ Kd5 49. Qf7+ Ke5 50. Qc7+ Kf6 51. Qd6+ Kg7 52. Qg6+ Kh8 53.
Bf7 Qf1+ 54. Kh4 Bg7 55. Qh5+ 1-0

[Event "32nd ECC Open 2016"]
[Site "Novi Sad SRB"]
[Date "2016.11.06"]
[Round "1.15"]
[Board "1"]
[White "Svane, Rasmus"]
[Black "Van Wely, Loek"]
[Result "1/2-1/2"]
[WhiteTitle "GM"]
[BlackTitle "GM"]
[WhiteElo "2546"]
[BlackElo "2685"]
[WhiteTeam "Nordea Skanderborg"]
[BlackTeam "Schachgesellschaft Zurich"]
[WhiteFideId "4657101"]
[BlackFideId "1000268"]
[EventDate "2016.11.06"]

1. d4 Nf6 2. c4 g6 3. Nc3 d5 4. Nf3 Bg7 5. cxd5 Nxd5 6. Na4 O-O 7. e4 Nb6 8. Be3
Bg4 9. Nc5 Nc6 10. Nxb7 Qb8 11. Ba6 Nb4 12. Nc5 Nxa6 13. Nxa6 Qc8 14. Nc5 Rd8
15. Rc1 Bxf3 16. Qxf3 Bxd4 17. Bxd4 Rxd4 18. O-O a5 19. Rc2 Nd7 20. Qe3 e5 21.
b3 Qd8 22. Nxd7 Qxd7 23. g3 a4 24. Rfc1 axb3 25. axb3 Rd1+ 26. Kg2 Rxc1 27. Rxc1
Rb8 28. Qc3 Qd6 29. Qxc7 Qxc7 30. Rxc7 Rxb3 31. Rc5 f6 32. Rc7 h5 33. h4 1/2-1/2

[Event "32nd ECC Open 2016"]
[Site "Novi Sad SRB"]
[Date "2016.11.06"]
[Round "1.15"]
[Board "2"]
[White "Bauer, Christian"]
[Black "Semcesen, Daniel"]
[Result "1-0"]
[WhiteTitle "GM"]
[BlackTitle "GM"]
[WhiteElo "2632"]
[BlackElo "2469"]
[WhiteTeam "Schachgesellschaft Zurich"]
[BlackTeam "Nordea Skanderborg"]
[WhiteFideId "603767"]
[BlackFideId "1706993"]
[EventDate "2016.11.06"]

1. c4 e5 2. a3 c6 3. Nf3 e4 4. Nd4 g6 5. d3 exd3 6. Qxd3 Bg7 7. Nc3 Nf6 8. Bf4
O-O 9. Bd6 Re8 10. O-O-O Na6 11. e4 Qb6 12. Qf3 h5 13. h3 Nh7 14. Qe3 Nc5 15.
Kb1 Bf8 16. Qf4 Bxd6 17. Qxd6 Ne6 18. f4 Nxd4 19. c5 Qa5 20. Qxd4 b6 21. Bc4
Qxc5 22. Qxc5 bxc5 23. Rd6 Kg7 24. e5 h4 25. Ne4 Rb8 26. Re1 Re7 27. Kc2 Nf8 28.
Nxc5 Ne6 29. Bxe6 dxe6 30. Rd8 Rb5 31. b4 Rc7 32. Red1 a5 33. Kc3 g5 34. fxg5
axb4+ 35. axb4 Kg6 36. Rf1 1-0

[Event "32nd ECC Open 2016"]
[Site "Novi Sad SRB"]
[Date "2016.11.06"]
[Round "1.15"]
[Board "3"]
[White "Pedersen, Nicolai Vesterbaek"]
[Black "Pelletier, Yannick"]
[Result "0-1"]
[WhiteTitle "IM"]
[BlackTitle "GM"]
[WhiteElo "2377"]
[BlackElo "2566"]
[WhiteTeam "Nordea Skanderborg"]
[BlackTeam "Schachgesellschaft Zurich"]
[WhiteFideId "1402340"]
[BlackFideId "1301837"]
[EventDate "2016.11.06"]

1. Nf3 Nf6 2. g3 d5 3. Bg2 c6 4. O-O Bg4 5. d3 Nbd7 6. Qe1 e5 7. e4 dxe4 8. dxe4
Be7 9. Nbd2 O-O 10. a4 Qc7 11. h3 Bh5 12. Nh4 Rfe8 13. Nc4 Bf8 14. Be3 b5 15.
Nd2 Nc5 16. b3 Rad8 17. f3 Nfd7 18. Qf2 f6 19. Rfc1 a6 20. Bf1 Ra8 21. Nf5 Bf7
22. Be2 Red8 23. Kg2 Qb7 24. Rcb1 Ne6 25. b4 Nb6 26. axb5 cxb5 27. Nb3 Na4 28.
Na5 Qd7 29. Bd3 Rac8 30. Qe1 g6 31. Nh6+ Bxh6 32. Bxh6 Nd4 33. Qf2 Nc3 34. Rf1
Be6 35. Rh1 Qe7 36. f4 f5 37. Bg5 Qxb4 38. Bxd8 Rxd8 39. fxe5 fxe4 0-1

[Event "32nd ECC Open 2016"]
[Site "Novi Sad SRB"]
[Date "2016.11.06"]
[Round "1.15"]
[Board "4"]
[White "Studer, Noel"]
[Black "Grove, Peter"]
[Result "1-0"]
[WhiteTitle "IM"]
[WhiteElo "2436"]
[BlackElo "2170"]
[WhiteTeam "Schachgesellschaft Zurich"]
[BlackTeam "Nordea Skanderborg"]
[WhiteFideId "1319620"]
[BlackFideId "1411101"]
[EventDate "2016.11.06"]

1. d4 Nf6 2. c4 e6 3. g3 d5 4. Nf3 dxc4 5. Bg2 Bb4+ 6. Bd2 a5 7. Qc2 Bxd2+ 8.
Qxd2 Ne4 9. Qf4 Nd6 10. Na3 O-O 11. Ne5 Qe7 12. O-O Nc6 13. Naxc4 Nxc4 14. Nxc4
Rd8 15. Rfd1 Nb4 16. a3 Nd5 17. Qe5 f6 18. Qh5 b5 19. Nd2 Bb7 20. Nb3 f5 21. Qf3
Ra6 22. Qd3 a4 23. Qxb5 Rb6 24. Qxa4 Bc6 25. Qc4 Bb5 26. Qc5 Qf7 27. Nc1 f4 28.
Qc2 Rf8 29. Bf3 g5 30. g4 Nf6 31. a4 Ba6 32. a5 Rd6 33. Nd3 Qg7 34. Ne5 Rb8 35.
Ra3 Rb4 36. Qc3 Rb5 37. Rb3 Rxe5 38. Rb8+ Kf7 39. Qxc7+ 1-0

[Event "32nd ECC Open 2016"]
[Site "Novi Sad SRB"]
[Date "2016.11.06"]
[Round "1.15"]
[Board "5"]
[White "Munk, Kai"]
[Black "Vogt, Lothar"]
[Result "0-1"]
[BlackTitle "GM"]
[WhiteElo "2039"]
[BlackElo "2409"]
[WhiteTeam "Nordea Skanderborg"]
[BlackTeam "Schachgesellschaft Zurich"]
[WhiteFideId "1406949"]
[BlackFideId "4611292"]
[EventDate "2016.11.06"]

1. d4 Nf6 2. c4 g6 3. Nc3 Bg7 4. e4 d6 5. Be2 O-O 6. Nf3 Bg4 7. Be3 Nfd7 8. O-O
a6 9. Qd2 c5 10. Rac1 Nc6 11. d5 Bxf3 12. gxf3 Nd4 13. f4 Qa5 14. f3 b5 15. b3
Nb6 16. Bd3 bxc4 17. bxc4 Rab8 18. Ne2 Qa3 19. Bxd4 cxd4 20. Rfd1 Na4 21. Qa5
Rb2 22. Rd2 Rfb8 23. Rxb2 Rxb2 24. Rd1 Qxa2 25. Kf1 Qb3 26. Rd2 Nc5 27. Nc1 Qc3
28. Qxc3 dxc3 29. Rd1 Rxh2 30. Ne2 Rh1+ 0-1

[Event "32nd ECC Open 2016"]
[Site "Novi Sad SRB"]
[Date "2016.11.06"]
[Round "1.15"]
[Board "6"]
[White "Rosenthal, Jonathan"]
[Black "Jessen, Claus Qvist"]
[Result "1-0"]
[WhiteTitle "FM"]
[WhiteElo "2333"]
[BlackElo "1952"]
[WhiteTeam "Schachgesellschaft Zurich"]
[BlackTeam "Nordea Skanderborg"]
[WhiteFideId "1315684"]
[BlackFideId "1423681"]
[EventDate "2016.11.06"]

1. d4 Nf6 2. c4 g6 3. Nc3 d5 4. cxd5 Nxd5 5. e4 Nxc3 6. bxc3 Bg7 7. Be3 O-O 8.
Qd2 c5 9. d5 b6 10. Rd1 Ba6 11. c4 Nd7 12. Be2 Re8 13. Nf3 Ne5 14. Nxe5 Bxe5 15.
f4 Bg7 16. O-O e5 17. f5 Qd6 18. Rf2 f6 19. Rdf1 Rf8 20. h4 Bc8 21. fxg6 hxg6
22. h5 f5 23. h6 Bf6 24. exf5 gxf5 25. g3 Bd7 26. Bh5 Kh7 27. Qc2 e4 28. Rg2 Be5
29. g4 Bd4 30. Bxd4 cxd4 31. gxf5 Bxf5 32. Rxf5 Rxf5 33. Qxe4 Rf8 34. Bg4 Qg6
35. Bxf5 Qxf5 36. Qe7+ Rf7 37. Rg7+ Rxg7+ 38. Qxg7# 1-0

[Event "32nd ECC Open 2016"]
[Site "Novi Sad SRB"]
[Date "2016.11.06"]
[Round "1.16"]
[Board "1"]
[White "Lupulescu, Constantin"]
[Black "Houriez, Clement"]
[Result "1-0"]
[WhiteTitle "GM"]
[BlackTitle "FM"]
[WhiteElo "2609"]
[BlackElo "2335"]
[WhiteTeam "AEM Luxten Timisoara"]
[BlackTeam "Cercle d'Echecs Fontainois"]
[WhiteFideId "1207822"]
[BlackFideId "649708"]
[EventDate "2016.11.06"]

1. e4 c5 2. Nf3 d6 3. Bb5+ Bd7 4. Bxd7+ Nxd7 5. O-O Ngf6 6. Qe2 e6 7. b3 Be7 8.
Bb2 O-O 9. c4 e5 10. Nc3 g6 11. Ne1 Nh5 12. g3 Bf6 13. Rb1 Bg7 14. Ba1 a5 15. a3
Nb8 16. b4 axb4 17. axb4 b6 18. b5 Nd7 19. Ng2 Qb8 20. Bb2 Qb7 21. d3 Bh6 22.
Nd5 Ndf6 23. Nxf6+ Nxf6 24. f4 Nd7 25. f5 Ra2 26. Qf3 Qa7 27. Ra1 Qa4 28. Qe2
Rxa1 29. Rxa1 Qb4 30. Qf2 Qd2 31. Qxd2 Bxd2 32. Kf2 Ba5 33. h3 Kg7 34. Ke2 h6
35. Bc1 Rb8 36. Bd2 Bxd2 37. Kxd2 Rb7 38. Ra8 1-0

[Event "32nd ECC Open 2016"]
[Site "Novi Sad SRB"]
[Date "2016.11.06"]
[Round "1.16"]
[Board "2"]
[White "Wantiez, Fabrice"]
[Black "Parligras, Mircea-Emilian"]
[Result "0-1"]
[WhiteTitle "FM"]
[BlackTitle "GM"]
[WhiteElo "2315"]
[BlackElo "2599"]
[WhiteTeam "Cercle d'Echecs Fontainois"]
[BlackTeam "AEM Luxten Timisoara"]
[WhiteFideId "202274"]
[BlackFideId "1204297"]
[EventDate "2016.11.06"]

1. e4 c5 2. Nf3 d6 3. d4 cxd4 4. Nxd4 Nf6 5. Nc3 a6 6. h3 e6 7. g4 Nfd7 8. Be3
b5 9. Bg2 Bb7 10. O-O Be7 11. f4 Nb6 12. b3 N8d7 13. g5 Nc5 14. Qg4 b4 15. Nce2
Nbd7 16. a3 Nxe4 17. Bxe4 Bxe4 18. Ng3 Bb7 19. Nh5 O-O 20. f5 g6 21. fxg6 hxg6
22. Nxe6 Ne5 23. Nxd8 Nxg4 24. Nxb7 Nxe3 25. Nf6+ Kg7 26. Rf2 Rh8 27. axb4 Rxh3
28. Rh2 Rxh2 29. Kxh2 Nxc2 30. Rd1 Ne3 31. Rd3 Rh8+ 32. Kg1 Nf5 33. Ne4 Rb8 34.
Na5 Rxb4 35. Nf2 0-1

[Event "32nd ECC Open 2016"]
[Site "Novi Sad SRB"]
[Date "2016.11.06"]
[Round "1.16"]
[Board "4"]
[White "Herman, Jean"]
[Black "Berescu, Alin-Mile"]
[Result "0-1"]
[BlackTitle "GM"]
[WhiteElo "2237"]
[BlackElo "2452"]
[WhiteTeam "Cercle d'Echecs Fontainois"]
[BlackTeam "AEM Luxten Timisoara"]
[WhiteFideId "263036"]
[BlackFideId "1204920"]
[EventDate "2016.11.06"]

1. d4 Nf6 2. c4 e6 3. Nf3 Bb4+ 4. Nc3 c5 5. d5 d6 6. Bd2 O-O 7. g3 exd5 8. Nxd5
Nxd5 9. cxd5 Bxd2+ 10. Nxd2 Re8 11. e3 Nd7 12. Bg2 b5 13. a4 Ba6 14. O-O bxa4
15. Re1 Bb5 16. Ne4 Ne5 17. Nc3 Bd7 18. Nxa4 Qf6 19. h3 Rab8 20. f4 Nc4 21. e4
Rb4 22. e5 dxe5 23. b3 Bxa4 24. bxa4 Nd6 25. Qc2 exf4 26. Qxc5 Reb8 27. Rf1 g5
28. Qxa7 Nf5 29. gxf4 gxf4 30. Rae1 Qg5 31. Rf2 Rb1 32. Qa5 Ne3 33. Kh1 Qg3 34.
Qd2 R8b2 35. Qxb2 Rxb2 0-1